000
00281nam a22000857a 4500
008
131104b xxu||||| |||| 00| 0 eng d
020
_a
0070507813
_c
Available
245
_a
Software Engineering:A Practitioners" Approach
_c
Pressman Roger S
260
_a
New York
_b
McGraw-Hill Book Company
_c
1982
999
_c
23493
_d
23493